| 000 | 00467nam a2200193Ia 4500 | ||
|---|---|---|---|
| 005 | 20250423100025.0 | ||
| 008 | 250422s9999 xx 000 0 und d | ||
| 020 | _a9780321277718 | ||
| 050 | _aPN 6014 .G55/ | ||
| 100 | _aGillespie, Sheena. | ||
| 245 | 0 | _aLiterature across cultures | |
| 250 | _a4th ed. | ||
| 260 | _aNew York | ||
| 260 | _bPearson education Inc. | ||
| 260 | _c2005 | ||
| 300 | _a1160 p | ||
| 650 | _aLiterature--Collections. | ||
| 942 | _cBK | ||
| 999 |
_c32053 _d32053 |
||